Logo BPK

Biblioteka

Politechniki Koszalińskiej

Komentarz do kodeksu cywilnego. (Rekord nr 43291)

Szczegóły MARC
000 -ETYKIETA REKORDU
podpole kontrolne o stałej długości 01691nam a2200481 i 4500
001 - NUMER KONTROLNY REKORDU
pole kontrolne 43291
003 - IDENTYFIKATOR NUMERU KONTROLNEGO REKORDU
podpole kontrolne KOSZ 005
005 - DATA OSTATNIEJ MODYFIKACJI REKORDU
podpole kontrolne 20220316090244.0
008 - POLE O STAŁEJ DŁUGOŚCI - DANE KONTROLNE
podpole kontrolne o stałej długości 030820s2003 pl |001 0 pol
015 ## - NUMER BIBLIOGRAFII NARODOWEJ
Numer bibliografii narodowej UWD 2003/13666
020 ## - MIĘDZYNARODOWY ZNORMALIZOWANY NUMER KSIĄŻKI - ISBN
ISBN 8373341978
035 ## - NUMER SYSTEMOWY
Numer systemowy przejętego rekordu 991021392259705066
035 ## - NUMER SYSTEMOWY
Numer systemowy przejętego rekordu (PL-WaBN)b15787321-48omnis_nlop
035 ## - NUMER SYSTEMOWY
Numer systemowy przejętego rekordu b15787321
035 ## - NUMER SYSTEMOWY
Numer systemowy przejętego rekordu (OCoLC)749480333
035 ## - NUMER SYSTEMOWY
Numer systemowy przejętego rekordu zz2003950399
035 ## - NUMER SYSTEMOWY
Numer systemowy przejętego rekordu (PL)b0000001578732
035 ## - NUMER SYSTEMOWY
Numer systemowy przejętego rekordu (EXLNZ-48OMNIS_NETWORK)9910515109705606
040 ## - ŹRÓDŁO KATALOGOWANIA
Instytucja, która sporządziła opis WA N
Instytucja, która utworzyła rekord WA N
Instytucja, która dokonała modyfikacji KOSZ 005/HR
041 0# - KOD JĘZYKA
Kod języka tekstu pol
046 ## - DATY KODOWANE
Pojedyncza data lub początek okresu powstania dzieła lub zbioru dzieł 2003
080 ## - UNIWERSALNA KLASYFIKACJA DZIESIĘTNA - UKD
UKD 347(438)
080 ## - UNIWERSALNA KLASYFIKACJA DZIESIĘTNA - UKD
UKD (094.4.07)
100 1# - NAZWA OSOBOWA
Nazwa osobowa Dmowski, Stanisław
Daty związane z nazwą (1926-2007)
Określenie rodzaju współpracy Komentarz
245 10 - TYTUŁ/ODPOWIEDZIALNOŚĆ
Tytuł Komentarz do kodeksu cywilnego.
Oznaczenie części/sekcji dzieła Ks. 1,
Tytuł części/sekcji dzieła Część ogólna /
Pozostałe elementy strefy tytułu i oznaczenia odpowiedzialności Stanisław Dmowski, Stanisław Rudnicki.
250 ## - STREFA WYDANIA
Oznaczenie wydania Wyd. 5, stan prawny na 15 czerwca 2003 roku (uwzględnia zmiany wchodzące w życie 25 września 2003 roku).
260 ## - STREFA ADRESU WYDAWNICZEGO
Miejsce wydania Warszawa :
Nazwa wydawcy/dystrybutora Wydaw. Prawnicze "LexisNexis",
Data publikacji, dystrybucji/powstania dokumentu 2003.
300 ## - STREFA OPISU FIZYCZNEGO
Objętość 458, [1] s. ;
Rozmiary 25 cm.
336 ## - TYP ZAWARTOŚCI
Termin opisujący typ zawartości Tekst
Kod określający zawartość txt
Źródło (terminu i kodu) rdacontent
337 ## - TYP MEDIÓW
Tryb odtwarzania Bez urządzenia pośredniczącego
Kod typu mediów n
Źródło (terminu i kodu) rdamedia
338 ## - TYP/RODZAJ NOŚNIKA
Hasło opisujące typ nośnika Wolumin
Kod typu nośnika nc
Źródło (terminu i kodu) rdacarrier
380 ## - FORMA I TYP PUBLIKACJI
Forma i typ publikacji Książki
388 ## - CZAS POWSTANIA
Czas powstania 2001-
504 ## - UWAGA DOTYCZĄCA BIBLIOGRAFII
Informacje o bibliografii Bibliogr. Indeks.
650 #7 - HASŁO PRZEDMIOTOWE W FORMIE NAZWY OGÓLNEJ LUB JEDNOSTKOWEJ
Nazwa ogólna lub geograficzna Prawo cywilne
Źródło hasła lub terminu DBN
651 #7 - HASŁO PRZEDMIOTOWE W FORMIE NAZWY GEOGRAFICZNEJ
Nazwa geograficzna Polska
Źródło hasła lub terminu DBN
658 ## - TERMIN INDEKSOWY - PRZEDMIOT PROGRAMU NAUCZANIA
Główny przedmiot programu nauczania Prawo i wymiar sprawiedliwości
700 1# - HASŁO DODATKOWE - NAZWA OSOBOWA
Nazwa osobowa Rudnicki, Stanisław
Daty związane z nazwą (1926-2012)
Określenie związku między hasłem a opisywanym materiałem Komentarz
710 2# - HASŁO DODATKOWE - NAZWA CIAŁA ZBIOROWEGO
Nazwa ciała zbiorowego lub jednostki geograficznej Wydawnictwo Prawnicze LexisNexis
Kod określenia powiązania pbl
856 ## - LOKALIZACJA I DOSTĘP DO ELEKTRONICZNYCH DOKUMENTÓW ZDALNYCH
Link (URL) http://koha.tu.koszalin.pl/cgi-bin/koha/opac-detail.pl?biblionumber=43291
Tekst linku Katalog online BPK
942 ## - DODATKOWE ELEMENTY (KOHA)
Schemat klasyfikacji Uniwersalna Klasyfikacja Dziesiętna
Typ dokumentu Książka
Egzemplarze
Wycofany Status egzemplarza Uszkodzony Dostępność Lokalizacja stała Lokalizacja bieżąca Miejsce przechowywania Sygnatura Kod kreskowy Status: wypożyczony Typ dokumentu
      Dostępny Biblioteka Politechniki Koszalińskiej Biblioteka Politechniki Koszalińskiej Wypożyczalnia BG 68618 02012957 09.05.2027 Książka
© 2023 Biblioteka Politechniki Koszalińskiej :: KOHA